Language Quiz

Random Language or German Quiz
Score 0/18 Timer 04:00
0 Plays Today
Answer Answer % Correct
First person singularich
100%
Second person singular (informal)du
98.9%
Third person singular (male person)er
98.9%
Third person singular (female person)sie
98.9%
Third person singular (object)es
97.7%
First person singularmich
94.3%
First person pluralwir
94.3%
Second person singular (informal)dich
93.1%
Second person plural (informal)ihr
93.1%
Answer Answer % Correct
Second person singular and plural (formal)Sie
90.8%
Third person singular (object)es
89.7%
Third person pluralsie
89.7%
Third person singular (female person)sie
88.5%
Third person singular (male person)ihn
86.2%
First person pluraluns
86.2%
Second person plural (informal)euch
85.1%
Second person singular and plural (formal)Sie
82.8%
Third person pluralsie
81.6%
Remove Ads.
Support Sporcle.
Get the best of Sporcle when you Go Orange. This ad-free experience offers more features, more stats, and more fun while also helping to support Sporcle. Thank you for becoming a member.

You're not logged in!

Compare scores with friends on all Sporcle quizzes.
OR
Log In

Show Comments

Extras

Top Quizzes Today


Score Distribution

Your Account Isn't Verified!

In order to create a playlist on Sporcle, you need to verify the email address you used during registration. Go to your Sporcle Settings to finish the process.

Report this User

Report this user for behavior that violates our Community Guidelines.

Details: